| 000 | 00454nam a2200181Ia 4500 | ||
|---|---|---|---|
| 001 | 10373 | ||
| 005 | 20260306161827.0 | ||
| 008 | 260306t2010||||xx |||||||||||||| ||spa|| | ||
| 041 | _aESP | ||
| 082 |
_a922.2 _bN49 |
||
| 100 |
_aNewman, John Henry _eAUT |
||
| 245 | 0 |
_aApología pro Vita Sua: _bhistoria de mis ideas religiosas |
|
| 260 | _c2010 | ||
| 300 |
_a420 páginas : _c23 cm., |
||
| 650 | _aGEN | ||
| 654 | _aCHU | ||
| 942 |
_cLIB _dJUS _fJUS _2ddc _n |
||
| 999 |
_c10373 _d10373 |
||